| 000 | 00755nam a22001937a 4500 | ||
|---|---|---|---|
| 999 |
_c161292 _d161292 |
||
| 005 | 20190223144847.0 | ||
| 010 | _aB-713300 | ||
| 020 |
_a9789332519787 _c450.00 |
||
| 035 | _aB-713300 | ||
| 037 | _bRK Books | ||
| 082 | _a340 | ||
| 100 | _aBhardwaj, A.P. | ||
| 245 |
_aLegal Aptitude for the CLAT and other LAW entrance examinations: _ba workbook / _cA.P. Bhardwaj |
||
| 260 |
_aNoida _bPearson _c2018 |
||
| 270 |
_a15th Floor, Tower-B, World Trade Tower, Plot No.1, Sector 16 _bNoida (U.P.) _e201301 |
||
| 300 |
_avarious pagings _c23cm(pbk) |
||
| 942 |
_2ddc _cEN _mBHA _h340 |
||